Scientific problems of the humid tropical zone deltas and their implications; (Record no. 11339)
[ view plain ]
| 000 -LEADER | |
|---|---|
| fixed length control field | 01515cam a2200385I 4500 |
| 001 - CONTROL NUMBER | |
| control field | 11339 |
| 003 - CONTROL NUMBER IDENTIFIER | |
| rucl marc code | BD RJUL |
| 005 - DATE AND TIME OF LATEST TRANSACTION | |
| control field | 20211208235116.0 |
| 008 - FIXED-LENGTH DATA ELEMENTS--GENERAL INFORMATION | |
| fixed length control field | 140126s1966 fr abf b i100 0 eng |
| 035 ## - SYSTEM CONTROL NUMBER | |
| System control number | BD RJUL |
| System control number | (OCoLC)00493196 |
| System control number | GLIS00467894 |
| 040 ## - CATALOGING SOURCE | |
| Original cataloging agency | DLC |
| Transcribing agency | WSU |
| Modifying agency | m.c. |
| -- | SER |
| -- | BD RJUL |
| Language of cataloging | eng |
| 041 ## - LANGUAGE CODE | |
| Language code of text/sound track or separate title | eng |
| 082 ## - DEWEY DECIMAL CLASSIFICATION NUMBER | |
| Classification number | 613.5 |
| Author mark and year | SCI 1966 |
| 090 ## - LOCALLY ASSIGNED LC-TYPE CALL NUMBER (OCLC); LOCAL CALL NUMBER (OCLC) | |
| Classification number (OCLC) (R) ; Classification number, CALL (RLIN) (NR) | GB592.D4 |
| Local cutter number (OCLC) ; Book number/undivided call number, CALL (RLIN) | S416 |
| 099 ## - LOCAL FREE-TEXT CALL NUMBER (OCLC) | |
| Bangla Class number | GB592.D4.S416 |
| 245 00 - TITLE STATEMENT | |
| Title | Scientific problems of the humid tropical zone deltas and their implications; |
| Remainder of title | proceedings of the Dacca symposium. Les probl�mes scientifiques des deltas de la zone tropicale humide et leurs implications; actes du colloque de Dacca. |
| 260 ## - PUBLICATION, DISTRIBUTION, ETC. (IMPRINT) | |
| Place of publication, distribution, etc. | [Paris] |
| Name of publisher, distributor, etc. | UNESCO |
| Date of publication, distribution, etc. | 1966. |
| 300 ## - PHYSICAL DESCRIPTION | |
| Pagination | 422 p. : |
| Illustrations | illus., maps, plates. ; |
| Size | 28 cm. |
| 490 1# - SERIES STATEMENT | |
| Series statement | Humid tropics research. Recherches sur la zone tropicale humide |
| 500 ## - GENERAL NOTE | |
| General note | On label mounted on t.p.: Distributed by UNESCO Publications Center, New York. |
| General note | Sponsored by UNESCO [and others] and held at the University of Dacca Feb. 24-March 2, 1964. |
| 504 ## - BIBLIOGRAPHY, ETC. NOTE | |
| Bibliography, etc | Includes bibliographies. |
| 650 #0 - SUBJECT ADDED ENTRY--TOPICAL TERM | |
| Topical term or geographic name as entry element | Deltas |
| Form subdivision | Congresses. |
| 9 (RLIN) | 35058 |
| 651 #0 - SUBJECT ADDED ENTRY--GEOGRAPHIC NAME | |
| Geographic name | Tropics |
| Form subdivision | Congresses. |
| 9 (RLIN) | 35059 |
| 710 2# - ADDED ENTRY--CORPORATE NAME | |
| Corporate name or jurisdiction name as entry element | Unesco. |
| 9 (RLIN) | 35060 |
| Corporate name or jurisdiction name as entry element | University of Dacca. |
| 9 (RLIN) | 9850 |
| 830 #0 - SERIES ADDED ENTRY--UNIFORM TITLE | |
| Uniform title | Humid tropics research. |
| 942 ## - ADDED ENTRY ELEMENTS (KOHA) | |
| Source of classification or shelving scheme | Dewey Decimal Classification |
| Koha item type | Books |
| 949 ## - LOCAL PROCESSING INFORMATION (OCLC) | |
| a | MYGL |
| Lost status | Source of classification or shelving scheme | Damaged status | Not for loan | Collection code | Permanent Location | Current Location | Shelving location | Date acquired | Source of acquisition | Total Checkouts | Full call number | Date last seen | Copy number | Koha item type |
|---|---|---|---|---|---|---|---|---|---|---|---|---|---|---|
| Dewey Decimal Classification | Non-fiction | Central Library, University of Rajshahi | Central Library, University of Rajshahi | 06/04/1995 | Zeitlinger | 613.5 SCI 1966 | 26/01/2014 | C-2 | Books | |||||
| Dewey Decimal Classification | Not For Loan | Non-fiction | Central Library, University of Rajshahi | Central Library, University of Rajshahi | Reading Room | 05/06/1982 | Zeitlinger | 613.5 SCI 1966 | 10/12/2018 | C-1 | Books |